000 01215nam a22002417a 4500
999 _c9598
_d9598
003 AR-CdUCM
008 190328b ||||| |||| 00| 0 spa d
040 _aMUNICIPALIDAD PROVINCIAL DEL CUSCO
_cBIBLIOTECA MUNICIPAL DEL CUSCO
082 _a980.5 /
_bB25 / 1948
100 _aBarra, Felipe de la
_912561
245 _aEl indio peruano en las etapas de la conquista y frente a la república :
_bensayo histórico-militar-sociológico y con proposiciones para la solución del problema indio peruano /
260 _aLima :
_bServicio de Prensa, Propaganda y Publicaciones Militares,
_c1948.
300 _a253 páginas ;
_b21 cm.
505 _aContenido : El indio peruano en las etapas de la conquista -- El arte militar en el imperio de los incas -- El imperio en los prolegomenos de la conquista -- La guerra civil entre Huascar y Atahuallpa -- La reacción peruana con el Inca Manco II -- El indio frente a la república ...
650 _aIndigenas del Perú
_95715
650 _aHistoria
_9136
650 _aAspectos sociológicos
_922171
650 _aAspectos militares
_925911
650 _aDescubrimiento y Conquista, 1519-1536
_97379
650 _aRepública
_9831
942 _2ddc
_cLIBROS
945 _azta